00652nam a2200181 a 450000100100000000500170001000800410002704000250006824500930009326000560018630000210024249000090026350400320027270000280030483000160033295201050034899900170045300004164920201002035703.0131015s1976 sp 000 0 spa d aDO-SdBNPbspacBNPHU00aTécnicas de investigación social /cintroducción y selección de Napoleón Chow. aCosta Rica :bUniversitaria Centroamericana,c1976. a400 p. ;c18 cm.1 aAula aBibligrafía : p. 397 -3981 aChow, Napoleón968437 0aAula916604 001050718MOaPDbPDcCTd2013-10-15iLF1l0o p41649-10r2020-06-25w2020-06-25y1ZNo se presta c41139d41139